A Sample Case for Geophysical Meta data Archival: The Subsurface Remains of a villa rustica in the Roman Rhineland (notice n° 1544746)

détails MARC
000 -LEADER
fixed length control field 00855cam a2200241 4500500
005 - DATE AND TIME OF LATEST TRANSACTION
control field 20251012025130.0
041 ## - LANGUAGE CODE
Language code of text/sound track or separate title fre
042 ## - AUTHENTICATION CODE
Authentication code dc
100 10 - MAIN ENTRY--PERSONAL NAME
Personal name Calenborn, Lisa
Relator term author
245 00 - TITLE STATEMENT
Title A Sample Case for Geophysical Meta data Archival: The Subsurface Remains of a villa rustica in the Roman Rhineland
260 ## - PUBLICATION, DISTRIBUTION, ETC.
Date of publication, distribution, etc. 2025.<br/>
500 ## - GENERAL NOTE
General note 100
700 10 - ADDED ENTRY--PERSONAL NAME
Personal name Heimermann, Peter
Relator term author
700 10 - ADDED ENTRY--PERSONAL NAME
Personal name Klinke, Leo
Relator term author
700 10 - ADDED ENTRY--PERSONAL NAME
Personal name Lang, Matthias
Relator term author
700 10 - ADDED ENTRY--PERSONAL NAME
Personal name Pohle, Marco
Relator term author
700 10 - ADDED ENTRY--PERSONAL NAME
Personal name Schütze, Claudia
Relator term author
700 10 - ADDED ENTRY--PERSONAL NAME
Personal name Sonnemann, Till
Relator term author
700 10 - ADDED ENTRY--PERSONAL NAME
Personal name Vornweg, Lotta
Relator term author
700 10 - ADDED ENTRY--PERSONAL NAME
Personal name Werban, Ulrike
Relator term author
786 0# - DATA SOURCE ENTRY
Note ArcheoSciences | 49-1 | 1 | 2025-08-26 | p. 597-600 | 1960-1360
856 41 - ELECTRONIC LOCATION AND ACCESS
Uniform Resource Identifier <a href="https://shs.cairn.info/revue-archeosciences-2025-1-page-597?lang=en&redirect-ssocas=7080">https://shs.cairn.info/revue-archeosciences-2025-1-page-597?lang=en&redirect-ssocas=7080</a>

Pas d'exemplaire disponible.

PLUDOC

PLUDOC est la plateforme unique et centralisée de gestion des bibliothèques physiques et numériques de Guinée administré par le CEDUST. Elle est la plus grande base de données de ressources documentaires pour les Étudiants, Enseignants chercheurs et Chercheurs de Guinée.

Adresse

627 919 101/664 919 101

25 boulevard du commerce
Kaloum, Conakry, Guinée

Réseaux sociaux

Powered by Netsen Group @ 2025